Maskotit kuvavisa #2 - Statistics

Yleistilastot
  • Tätä visaa on pelattu 17 kertaa
  • Keskiarvotulos 10 / 32
Vastaustilastot
Kuvavisa Vastaus % Oikein
Tappara / Tapsu
86%
Porin ässät / Rysty mesikämmen
83%
Tampereen Ilves
77%
Jokerit / Jokerit-pelle
75%
Powerpark / Rölli
69%
Hartwall / Jaffa
62%
Kikattava kakkiainen
58%
Palloliitto / Helmipöllö&Huuhkajat
57%
Oulun Kärpät / Peto
55%
Ingman / Ville Vallaton
46%
Taffel / Naksu
45%
Powerpark / Metsänhenki Milli
43%
KalPa / Ruusteri
42%
Ainu / Ensipupu
38%
Levi Ski Resort / Leevi
38%
Jääkiekkoliitto / Finkey
29%
Ruka Ski Resort / Rosa&Rudolf
27%
Crocs
23%
Valio Onni lastenruuat / Vauva
23%
Sol / Hymy-maskotit
21%
Avainapteekki / Apukaija
17%
Fazer / Dumle
17%
Kemin lumilinna / Pilvi ja Pyry
14%
Ramirent / Rami
9%
Hamina / Haminan mursu
8%
Kuninkuusravit / Kunkku
8%
Vuokatin rinteet / Max
8%
Säästöpankki / Fantti
7%
Alma media / Mikko pallo
0%
Ikea / Mårris porkkana
0%
Lelukulma / Luffe-koira
0%
Nestle Bona
0%
Snadi
0%
Suomen hiihtoliitto / Tuisku
0%
Turku / Förri
0%
Ehtoja vastaavia visoja ei löytynyt
Tulosjakauma
Jokaisen tuloksen saaneiden osuus
Persentiili vastausten määrän mukaan
Tuloshistoriasi
Et ole pelannut tätä visaa